000 00310nam a22001337a 4500
008 181106b xxu||||| |||| 00| 0 eng d
020 _a9780965069687
041 _aeng
080 _a941
100 _a16
101 _aHis
245 _aThe Best American Short Stories Century
_cJohn.U
942 _2udc
_cBK
999 _c52050
_d52050